Normal view
MARC view
- Dr Naeem Shazad
Entry Personal Name
001 - CONTROL NUMBER
- control field: 51763
003 - CONTROL NUMBER IDENTIFIER
- control field: NUST
005 - DATE AND TIME OF LATEST TRANSACTION
- control field: 20210314135052.0
008 - FIXED-LENGTH DATA ELEMENTS
- fixed length control field: 210314|| aca||aabn | a|a d
040 ## - CATALOGING SOURCE
- Original cataloging agency: NUST
- Transcribing agency: NUST
100 ## - HEADING--PERSONAL NAME
- Personal name: Dr Naeem Shazad
670 ## - SOURCE DATA FOUND
- Source citation: Work cat.: (NUST): Asif Ali 51762, Flash Flood Susceptibility modeling : A study of swat drainage basin, Northern Pakistan, 2019.
